[Event "SA-2016-0-00542"]
[Site "LSS email"]
[Date "2016.10.09"]
[Round "?"]
[White "Kudr, Roman"]
[Black "Berger, Martin"]
[Result "1-0"]
[WhiteElo "2175"]
[BlackElo "2047"]
[PlyCount "57"]
[EventDate "2016.09.14"]
[EventType "tourn (corr)"]
[EventRounds "6"]
[EventCountry "GER"]
[SourceTitle "Corr 2022"]
[Source "ChessBase"]
[SourceDate "2021.10.24"]
[SourceVersion "1"]
[SourceVersionDate "2021.10.24"]
[SourceQuality "1"]

1. e4 g6 2. d4 Bg7 3. c4 c5 4. d5 d6 5. Nc3 e6 6. h3 Ne7 7. Bd3 0-0 8. Nf3 exd5 9. cxd5 a6 10. 0-0 b5 11. Bf4 b4 12. Na4 Bd7 13. a3 a5 14. Re1 Bxa4 15. Qxa4 Bxb2 16. axb4 cxb4 17. Rab1 Bc3 18. Rec1 f5 19. e5 Nd7 20. Rxc3 bxc3 21. exd6 Nc8 22. Qc6 Ncb6 23. Qxc3 Qf6 24. Qa3 Rac8 25. Bb5 Qc3 26. Qa2 Rb8 27. Rb3 Qc5 28. Bc6 a4 29. Rb5 1-0

[Event "SA-2015-0-00483"]
[Site "LSS email"]
[Date "2015.08.13"]
[Round "?"]
[White "Berger, Martin"]
[Black "Hlavica, Bretislav"]
[Result "1-0"]
[WhiteElo "2045"]
[BlackElo "2120"]
[PlyCount "103"]
[EventDate "2015.07.16"]
[EventType "tourn (corr)"]
[EventRounds "6"]
[EventCountry "GER"]
[SourceTitle "Corr 2022"]
[Source "ChessBase"]
[SourceDate "2021.10.24"]
[SourceVersion "1"]
[SourceVersionDate "2021.10.24"]
[SourceQuality "1"]

1. d4 Nf6 2. Nc3 d5 3. Bg5 Nbd7 4. Qd3 e6 5. e4 dxe4 6. Nxe4 Be7 7. Nxf6+ Nxf6 8. Nf3 0-0 9. 0-0-0 b6 10. Ne5 Bb7 11. Qh3 Nd5 12. Bd2 Bg5 13. Bd3 g6 14. Be4 Bf6 15. Bh6 Bg5+ 16. Kb1 Bxh6 17. Qxh6 Nc3+ 18. bxc3 Bxe4 19. Rhe1 f6 20. Rxe4 fxe5 21. Rxe5 Rxf2 22. Rde1 Qd7 23. Rxe6 Qa4 24. Ka1 Qa3 25. Rc6 Raf8 26. Rxc7 R2f7 27. Rc4 Qa6 28. Rb4 Rf1 29. Rbb1 Qc4 30. Qh3 R1f3 31. Qe6+ Qxe6 32. Rxe6 Rf2 33. Kb2 Rxg2 34. h4 Rg4 35. Rh1 Rgf4 36. a4 Kg7 37. Kb3 R8f5 38. Re7+ Rf7 39. Rxf7+ Kxf7 40. d5 h6 41. c4 a5 42. Kc3 g5 43. hxg5 hxg5 44. Rh7+ Ke8 45. Rh6 Rf3+ 46. Kd4 Rf4+ 47. Kd3 Rf3+ 48. Ke2 Rc3 49. Rxb6 g4 50. Rg6 Rxc4 51. Kd3 Rf4 52. Re6+ 1-0

[Event "CP-2012-P-00051"]
[Site "LSS email"]
[Date "2012.10.01"]
[Round "?"]
[White "Berger, Martin"]
[Black "Stepanov, Konstantin Vasiliev"]
[Result "1/2-1/2"]
[WhiteElo "2019"]
[BlackElo "1970"]
[PlyCount "51"]
[EventDate "2012.10.05"]
[EventType "tourn (corr)"]
[EventRounds "6"]
[EventCountry "GER"]
[SourceTitle "Telechess CBM 161"]
[Source "ChessBase"]
[SourceDate "2014.07.16"]
[SourceVersion "1"]
[SourceVersionDate "2014.07.16"]
[SourceQuality "1"]

1. d4 f5 2. Nc3 Nf6 3. Bg5 d5 4. f3 Nc6 5. Qd2 e6 6. 0-0-0 Be7 7. e4 dxe4 8. fxe4 Nxe4 9. Nxe4 fxe4 10. Bxe7 Nxe7 11. Ne2 Nd5 12. c4 Nf6 13. Nc3 0-0 14. Re1 e5 15. dxe5 Qxd2+ 16. Kxd2 Ng4 17. Nxe4 Bf5 18. Ng3 Bg6 19. Kc3 Rae8 20. e6 Nf2 21. Rg1 h5 22. c5 h4 23. Bc4 Kh7 24. Ne2 Ne4+ 25. Kb4 Nd2 26. b3 1/2-1/2

[Event "SA-2011-0-00223"]
[Site "LSS email"]
[Date "2011.10.24"]
[Round "?"]
[White "Berger, Martin"]
[Black "Llorente Alvarez, Jose Luis"]
[Result "0-1"]
[WhiteElo "2057"]
[BlackElo "2104"]
[PlyCount "122"]
[EventDate "2011.10.07"]
[EventType "tourn (corr)"]
[EventRounds "6"]
[EventCountry "GER"]
[SourceTitle "Telechess CBM 159"]
[Source "ChessBase"]
[SourceDate "2014.03.17"]
[SourceVersion "1"]
[SourceVersionDate "2014.03.17"]
[SourceQuality "1"]

1. Nc3 Nf6 2. e4 e5 3. f4 d5 4. fxe5 Nxe4 5. Nf3 Be7 6. d4 c5 7. Bd3 Nxc3 8. bxc3 c4 9. Be2 Nc6 10. 0-0 0-0 11. a4 h6 12. Qe1 Bf5 13. Qg3 Kh8 14. Bd1 Be6 15. Bd2 Qb6 16. Be2 Rae8 17. Rab1 Qa5 18. Ra1 Rb8 19. Rfb1 b5 20. axb5 Rxb5 21. Rf1 Qb6 22. h3 a5 23. Bc1 Bf5 24. Ra2 Qd8 25. Nh2 Rb1 26. Bg4 Bg6 27. Qf2 f6 28. e6 f5 29. Bf3 Bh7 30. Bf4 Rxf1+ 31. Nxf1 g5 32. Bc1 Bg8 33. Qe1 Rf6 34. Ne3 Rxe6 35. Qf2 Rf6 36. g3 f4 37. gxf4 gxf4 38. Ng2 Bd6 39. Qh4 Bh7 40. Qh5 Be4 41. Nh4 Qb8 42. Rb2 Qg8+ 43. Qg4 Bxf3 44. Qxg8+ Kxg8 45. Nxf3 Ba3 46. Rb1 Bxc1 47. Rxc1 Re6 48. Kf2 Re3 49. Ng1 Rxc3 50. Ne2 Ra3 51. c3 a4 52. Nxf4 Ne7 53. Ke3 Ra2 54. Rg1+ Kf7 55. Rf1 Ke8 56. Ne6 a3 57. Rf8+ Kd7 58. Nc5+ Kc6 59. Ra8 h5 60. Ra4 Ra1 61. Kd2 Nf5 0-1

[Event "SA-2011-0-00223"]
[Site "LSS email"]
[Date "2011.10.23"]
[Round "?"]
[White "Husemann, Andreas"]
[Black "Berger, Martin"]
[Result "0-1"]
[WhiteElo "2067"]
[BlackElo "2057"]
[PlyCount "148"]
[EventDate "2011.10.07"]
[EventType "tourn (corr)"]
[EventRounds "6"]
[EventCountry "GER"]
[SourceTitle "Telechess CBM 159"]
[Source "ChessBase"]
[SourceDate "2014.03.17"]
[SourceVersion "1"]
[SourceVersionDate "2014.03.17"]
[SourceQuality "1"]

1. d4 d6 2. e4 Nf6 3. Nc3 e5 4. Nf3 Nbd7 5. Bc4 Be7 6. 0-0 0-0 7. Re1 a6 8. a4 b6 9. b3 Bb7 10. Bb2 c6 11. Bd3 Re8 12. Ne2 Bf8 13. Ng3 Qc7 14. Qd2 g6 15. h3 Rad8 16. Rad1 Bg7 17. Qg5 exd4 18. Bxd4 Ne5 19. Nxe5 dxe5 20. Bc3 Nd7 21. Qe3 Nf8 22. Ne2 Rd7 23. Bc4 b5 24. axb5 Rxd1 25. Rxd1 axb5 26. Bd3 Ra8 27. Ra1 Rxa1+ 28. Bxa1 Ne6 29. Bc3 Bf8 30. Qd2 Bc5 31. Bb2 Bb6 32. h4 Qd6 33. h5 Nc5 34. Qg5 Nxd3 35. cxd3 Bc7 36. Qe3 Bc8 37. d4 Be6 38. dxe5 Qd1+ 39. Kh2 Qxb3 40. Bc3 Qa3 41. g3 Bd8 42. Kg2 Be7 43. hxg6 hxg6 44. Qd2 b4 45. Bb2 Qa2 46. Nf4 Kf8 47. f3 Ke8 48. Kf2 Bc4 49. Kg2 Qb1 50. Bc1 Bg5 51. Kf2 c5 52. Kg2 Be6 53. Qd1 Qa2+ 54. Kg1 Qa1 55. Kf2 c4 56. Nxe6 fxe6 57. f4 Be7 58. f5 gxf5 59. exf5 Qxe5 60. fxe6 Qxe6 61. Bf4 Qf5 62. Qa4+ Kf7 63. Qa8 b3 64. Qb7 Qe6 65. Qf3 Kg6 66. Qh1 Bc5+ 67. Kf1 Bf8 68. g4 b2 69. Qh5+ Kf6 70. Qb5 Ba3 71. Bd2 Qe5 72. Qb6+ Kf7 73. Qa7+ Qe7 74. Qb8 Qe4 0-1

[Event "SA-2011-0-00223"]
[Site "LSS email"]
[Date "2011.10.23"]
[Round "?"]
[White "Narkun, Michal"]
[Black "Berger, Martin"]
[Result "1/2-1/2"]
[WhiteElo "2176"]
[BlackElo "2057"]
[PlyCount "43"]
[EventDate "2011.10.07"]
[EventType "tourn (corr)"]
[EventRounds "6"]
[EventCountry "GER"]
[SourceTitle "Telechess CBM 159"]
[Source "ChessBase"]
[SourceDate "2014.03.17"]
[SourceVersion "1"]
[SourceVersionDate "2014.03.17"]
[SourceQuality "1"]

1. d4 d6 2. Nf3 Bg4 3. c4 Nd7 4. Qb3 Rb8 5. h3 Bxf3 6. Qxf3 g6 7. g4 Bg7 8. Qe3 c6 9. Nd2 Qb6 10. Nb3 Qa6 11. Qd3 e5 12. e3 Ne7 13. Be2 d5 14. Bd2 0-0 15. cxd5 Qxd3 16. Bxd3 Nxd5 17. dxe5 Nxe5 18. Be2 Nb6 19. Rc1 Rfd8 20. Rc2 Nd3+ 21. Bxd3 Rxd3 22. Nc5 1/2-1/2

[Event "GER-ch46 V2 email"]
[Site "GER email"]
[Date "2008.??.??"]
[Round "?"]
[White "Berger, Martin"]
[Black "Lelgemann, Ludwig"]
[Result "1-0"]
[WhiteElo "2067"]
[BlackElo "2151"]
[PlyCount "130"]
[EventDate "2008.??.??"]
[EventType "tourn (corr)"]
[EventRounds "10"]
[EventCountry "GER"]
[SourceTitle "Corr 2011"]
[Source "ChessBase"]
[SourceDate "2010.08.31"]
[SourceVersion "1"]
[SourceVersionDate "2010.08.31"]
[SourceQuality "1"]

1. d4 d5 2. c4 e6 3. Nf3 Nf6 4. Nc3 Bb4 5. cxd5 exd5 6. Bg5 h6 7. Bh4 Qd6 8. Bxf6 Qxf6 9. Qa4+ Nc6 10. e3 0-0 11. Be2 Qg6 12. 0-0 Bh3 13. Ne1 Rfd8 14. Qb3 Bf5 15. Rc1 a5 16. a3 Bd6 17. Nb5 a4 18. Qd1 Na5 19. Nxd6 Qxd6 20. Bd3 Bxd3 21. Nxd3 Nc4 22. Nc5 Qc6 23. Qh5 Qb5 24. Nd3 c6 25. Qe2 Nxb2 26. Qxb2 Qxd3 27. Rfd1 Qb3 28. Qa1 Qb6 29. Rd2 Rd6 30. Rb2 Qa7 31. Rbc2 Re8 32. Qb1 Rg6 33. Kh1 Ree6 34. Rc3 h5 35. Kg1 Ref6 36. R1c2 h4 37. Qb4 h3 38. g3 b5 39. Qb1 Qd7 40. Qd1 Qf5 41. f4 Qe4 42. Re2 Qe8 43. Rf2 Qd7 44. Qh5 Rh6 45. Qe2 Re6 46. f5 Re4 47. f6 Rxf6 48. Rxf6 gxf6 49. Kf2 Kg7 50. Qf3 Qb7 51. Rc1 b4 52. axb4 a3 53. Qd1 Qxb4 54. Rb1 Qa5 55. Qd3 c5 56. dxc5 Rc4 57. Ra1 Qb5 58. Qe2 Qxc5 59. Ra2 d4 60. exd4 Qxd4+ 61. Qe3 Qd5 62. Qf3 Qc5+ 63. Ke2 Rc2+ 64. Rxc2 Qxc2+ 65. Ke1 a2 1-0